Các biểu hiện nghệ thuật trong ánh sáng và phù sa của Chế Lan Viên
Những vấn đề lí luận liên quan đến đề tài. các biểu tượng nghệ thuật trong ánh sáng và phù sa. vai trò của các biểu tượng nghệ thuật trong ánh sáng và phù sa
Gorde:
| Egile nagusia: | |
|---|---|
| Beste egile batzuk: | |
| Formatua: | Liburua |
| Hizkuntza: | Vietnamese |
| Argitaratua: |
Đại học Đà Nẵng
Đại học sư phạm
2009
|
| Gaiak: | |
| Etiketak: |
Etiketa erantsi
Etiketarik gabe, Izan zaitez lehena erregistro honi etiketa jartzen!
|
| Thư viện lưu trữ: | Mạng thư viện Đại học Đà Nẵng |
|---|
| LEADER | 01495nam a2200349 4500 | ||
|---|---|---|---|
| 001 | 000010925 | ||
| 003 | 7149 | ||
| 005 | 20111223101215.0 | ||
| 008 | 111223s2009 viesd | ||
| 041 | |a vie | ||
| 072 | |a Khóa luận tốt nghiệp | ||
| 082 | |a 895.9221 |b NG-N | ||
| 100 | |a Nguyễn Thị Tuệ Như | ||
| 245 | |a Các biểu hiện nghệ thuật trong ánh sáng và phù sa của Chế Lan Viên |c Nguyễn Thị Tuệ Như | ||
| 260 | |a Đại học Đà Nẵng |b Đại học sư phạm |c 2009 | ||
| 300 | |a 70tr. |c 29 cm | ||
| 500 | |a Khóa luận tốt nghiệp. Chuyên ngành sư phạm Ngữ văn | ||
| 520 | |a Những vấn đề lí luận liên quan đến đề tài. các biểu tượng nghệ thuật trong ánh sáng và phù sa. vai trò của các biểu tượng nghệ thuật trong ánh sáng và phù sa | ||
| 653 | |a Biểu tượng nghệ thuật | ||
| 653 | |a Khóa luận tốt nghiệp | ||
| 653 | |a ánh sáng | ||
| 700 | |a Bùi Trọng Ngoãn |c TS. |e Hướng dẫn | ||
| OWN | |a LSP | ||
| AVA | |a UDN50 |b LSP |d 895.9221 NG-N |e available |t Error 5001 Not defined in file expand_doc_bib_avail. |f 1 |g 0 |h N |i 0 |k 1 | ||
| 999 | |a From the UDN01 | ||
| AVA | |a UDN50 |b LSP |d 895.9221 NG-N |e available |t Error 5001 Not defined in file expand_doc_bib_avail. |f 1 |g 0 |h N |i 0 |k 1 | ||
| TYP | |a Monograph | ||
| TYP | |a Printed language | ||
| 980 | |a Mạng thư viện Đại học Đà Nẵng | ||